| 000 | 00604nam a2200217 u 4500 | ||
|---|---|---|---|
| 005 | 20210223131333.0 | ||
| 008 | 100707s2008 r 000 0 eng d | ||
| 020 | _a9788496748491 | ||
| 035 | _aUPN01000177196 | ||
| 049 | _aCG | ||
| 050 | 4 |
_aPT8176.3 E4.3 _bI8.4 |
|
| 100 | 1 |
_aTeller, Janne, _d1964- |
|
| 245 | 1 | 3 |
_aLa isla de Odín / _cJanne Teller ; tr. Carmen Freixanet. |
| 260 |
_aMadrid : _bMaeva, _cc2008. |
||
| 300 | _a409 p. | ||
| 440 | 0 | _aLittera | |
| 534 |
_pTítulo original: _tOdin´s Island |
||
| 650 | 4 |
_aLITERATURA DANESA _916337 |
|
| 650 | 4 |
_aNOVELA DANESA _916338 |
|
| 905 | _aLibro | ||
| 999 |
_c149299 _d149299 |
||